مكتبة جامعة عجلون الوطنية

فهرس بحث المكتبة

Normal view MARC view
  • الحضارة العربية الاسلامية -الحضارة الغربية - تاريخ، الحضارة اليونانية- الحضارة الرومانية

Entry Topical Term

Number of records used in: 1

001 - CONTROL NUMBER

  • control field: 33599

003 - CONTROL NUMBER IDENTIFIER

  • control field: JO-AjAnu

005 - DATE AND TIME OF LATEST TRANSACTION

  • control field: 20230606075633.0

008 - FIXED-LENGTH DATA ELEMENTS

  • fixed length control field: 230606|| aca||aabn | a|a d

040 ## - CATALOGING SOURCE

  • Original cataloging agency: JO-AjAnu
  • Transcribing agency: JO-AjAnu

150 ## - HEADING--TOPICAL TERM

  • Topical term or geographic name entry element: الحضارة العربية الاسلامية -الحضارة الغربية - تاريخ، الحضارة اليونانية- الحضارة الرومانية

670 ## - SOURCE DATA FOUND

  • Source citation: Work cat.: (JO-AjAnu)17260: أبوحسان، محمد, author 33598, دور الحضارة العربية الاسلامية في تكوين الحضارة الغربية: مقارنة مع الحضارتين اليونانية والرومانية = the Role of arab - Islamic of civilization in the making of western civilization